Statistiques concernant Devinez le Pokémon #1

Cliquez ici pour prendre le quiz!

Statistiques générales

  • Ce quiz a été pris 134 fois
  • Le résultat moyen est 12 sur 20

Statistiques - réponses

Réponse% Correct
Aspicot
92%
Giratina
91%
Pharamp
80%
Obalie
78%
Terhal
76%
Exagide
66%
Medhyèna
66%
Granivol
64%
Feurisson
61%
Chapignon
60%
Blindépique
59%
Colombeau
59%
Kungfouine
59%
Tarpaud
58%
Venalgue
56%
Grindur
53%
Sancoki
49%
Otarlette
37%
Tag-Tag
32%
Amassel
31%

Distribution des résultats

Percentile par nombre de réponses

% des personnes avec chaque résultat

Votre développement - résultats

Vous n’avez pas pris ce quiz